The impact of psychosocial and clinical variables on duration of inpatient treatment for depression

Saved in:
Bibliographic Details
Main Authors: Barnow, Sven (Author) , Linden, Michael (Author) , Schaub, Rainer Thomas (Author)
Format: Article (Journal)
Language:English
Published: 1997
In: Social psychiatry + psychiatric epidemiology
Year: 1997, Volume: 32, Issue: 6, Pages: 312-316
ISSN:0933-7954
Online Access: Get full text
Author Notes:Sven Barnow; Michael Linden; R. T. Schaub

MARC

LEADER 00000caa a22000002c 4500
001 1633358607
003 DE-627
005 20220815224752.0
007 tu
008 131016s1997 xx ||||| 00| ||eng c
035 |a (DE-627)1633358607 
035 |a (DE-576)394374363 
035 |a (DE-599)BSZ394374363 
035 |a (OCoLC)1341155174 
040 |a DE-627  |b ger  |c DE-627  |e rakwb 
041 |a eng 
084 |a 11  |2 sdnb 
100 1 |a Barnow, Sven  |d 1964-  |0 (DE-588)121771180  |0 (DE-627)081523548  |0 (DE-576)182144836  |4 aut 
245 1 4 |a The impact of psychosocial and clinical variables on duration of inpatient treatment for depression  |c Sven Barnow; Michael Linden; R. T. Schaub 
264 1 |c 1997 
300 |a 5 
336 |a Text  |b txt  |2 rdacontent 
337 |a ohne Hilfsmittel zu benutzen  |b n  |2 rdamedia 
338 |a Band  |b nc  |2 rdacarrier 
700 1 |a Linden, Michael  |d 1948-  |0 (DE-588)108619087  |0 (DE-627)491693419  |0 (DE-576)161997902  |4 aut 
700 1 |a Schaub, Rainer Thomas  |0 (DE-627)1242513019  |0 (DE-576)172513014  |4 aut 
773 0 8 |i In  |t Social psychiatry + psychiatric epidemiology  |d Berlin : Springer, 1988  |g 32(1997), 6, Seite 312-316  |w (DE-627)130412899  |w (DE-600)623071-4  |w (DE-576)01591593X  |x 0933-7954  |7 nnas  |a The impact of psychosocial and clinical variables on duration of inpatient treatment for depression 
773 1 8 |g volume:32  |g year:1997  |g number:6  |g pages:312-316  |g extent:5  |a The impact of psychosocial and clinical variables on duration of inpatient treatment for depression 
951 |a AR 
992 |a 20131016 
993 |a Article 
994 |a 1997 
998 |g 121771180  |a Barnow, Sven  |m 121771180:Barnow, Sven  |d 910000  |d 950000  |d 950950  |e 910000PB121771180  |e 950000PB121771180  |e 950950PB121771180  |k 0/910000/  |k 1/910000/950000/  |k 2/910000/950000/950950/  |p 1  |x j 
999 |a KXP-PPN1633358607  |e 3286824321 
BIB |a Y 
SER |a journal 
JSO |a {"origin":[{"dateIssuedDisp":"1997","dateIssuedKey":"1997"}],"person":[{"family":"Barnow","display":"Barnow, Sven","given":"Sven","role":"aut"},{"role":"aut","display":"Linden, Michael","given":"Michael","family":"Linden"},{"role":"aut","display":"Schaub, Rainer Thomas","given":"Rainer Thomas","family":"Schaub"}],"language":["eng"],"recId":"1633358607","id":{"eki":["1633358607"]},"name":{"displayForm":["Sven Barnow; Michael Linden; R. T. Schaub"]},"type":{"bibl":"article-journal"},"relHost":[{"id":{"eki":["130412899"],"issn":["0933-7954"],"zdb":["623071-4"]},"recId":"130412899","language":["eng"],"origin":[{"publisherPlace":"Berlin ; Heidelberg ; Heidelberg ; Berlin ; Heidelberg ; Darmstadt ; Berlin ; Heidelberg","publisher":"Springer ; Steinkopff ; Springer ; Steinkopff ; Springer ; Springer-Medizin-Verl.","dateIssuedKey":"1988","dateIssuedDisp":"1988-"}],"note":["Ungezählte Beil.: Supplement"],"part":{"text":"32(1997), 6, Seite 312-316","extent":"5","volume":"32","issue":"6","pages":"312-316","year":"1997"},"pubHistory":["23.1988 -"],"disp":"The impact of psychosocial and clinical variables on duration of inpatient treatment for depressionSocial psychiatry + psychiatric epidemiology","physDesc":[{"noteFormat":"28 cm"}],"titleAlt":[{"title":"SPPE"},{"title":"Social psychiatry and psychiatric epidemiology"}],"type":{"bibl":"periodical"},"title":[{"subtitle":"SPPE ; the international journal for research in social and genetic epidemiology and mental health services","title":"Social psychiatry + psychiatric epidemiology","title_sort":"Social psychiatry + psychiatric epidemiology"}]}],"title":[{"title":"The impact of psychosocial and clinical variables on duration of inpatient treatment for depression","title_sort":"impact of psychosocial and clinical variables on duration of inpatient treatment for depression"}],"physDesc":[{"extent":"5 S."}]} 
SRT |a BARNOWSVENIMPACTOFPS1997